000 00326nam a2200109Ia 4500
008 230907s9999||||xx |||||||||||||| ||und||
082 _a658.477
_bGUS
100 _aGustin, Joseph
_9118018
245 _aDisaster and recovery planning: a guide for facility managers /
_cJoseph Gustin.
260 _c2019-09-27
942 _2ddc
_cEB
999 _c599622
_d599622